10 Municípios mais populosos do Rio de Janeiro - Statistics

Estatísticas Gerais
  • Esse quiz foi jogado 86 vezes
  • A pontuação média é 8 de 10
Estatísticas das Respostas
População Cidade % Correto
6 211 423 Rio de Janeiro
100%
481 758 Niterói
93%
785 882 Nova Iguaçu
91%
896 744 São Gonçalo
88%
808 152 Duque de Caxias
86%
483 087 Campos
79%
261 584 Volta Redonda
75%
483 087 Belford Roxo
74%
278 881 Petrópolis
64%
440 962 São João de Meriti
62%
Nenhum quiz correspondente encontrado
Distribuição das Pontuações
Porcentagem de Pessoas com Cada Pontuação
Percentil de Números Respondidos
Sua Pontuação Histórica
Você não jogou esse quiz